000 00644nam a2200205 4500
001 137866
003 ES-MaACL
007 t|
008 070214s1985 sp r ||||1| spa d
100 1 _aSalomon, Noël.
_9102028
245 1 0 _aLo villano en el teatro del Siglo de Oro /
_cNoël Salomon ; [traducción de Beatriz Chenot].
260 _aMadrid :
_bCastalia,
_c1985.
300 _a773 p. ;
_c24 cm.
490 1 _aLiteratura y sociedad ;
_v36
700 1 _aChenot, Beatriz.
_938345
830 0 _aLiteratura y sociedad (Madrid) ;
_v36
_9179352
852 _aES-MaACL
_jL-8689
_bR.110391
942 _2udc
999 _c137866
_d137866